Calculus for business and economics (Record no. 79113)

MARC details
000 -LEADER
fixed length control field 00681nam a2200169 a 4500
008 - FIXED-LENGTH DATA ELEMENTS--GENERAL INFORMATION
fixed length control field 120416s2005 ||||||||||||||||| || u
020 ## - INTERNATIONAL STANDARD BOOK NUMBER
International Standard Book Number 9982072250
050 ## - LIBRARY OF CONGRESS CALL NUMBER
Classification number QA 303 Tai
100 ## - MAIN ENTRY--PERSONAL NAME
Personal name Tailoka, Frank Patson
245 10 - TITLE STATEMENT
Title Calculus for business and economics
246 ## -
-- Frank P.Tailoka Dr.
260 ## - PUBLICATION, DISTRIBUTION, ETC.
Place of publication, distribution, etc. Kitwe
Name of publisher, distributor, etc. Mission Press
Date of publication, distribution, etc. 2005
300 ## - PHYSICAL DESCRIPTION
Extent iv, 184p. : ill.
350 ## -
-- 0.00
995 ## -
-- SPECIAL COLLECTIONS
-- 0.00
-- 736718
-- CBU-MAIN LIBRARY (Kitwe)
-- 1
-- 80000.00
-- ZAM QA 303 Tai
-- 1
-- AVAILABLE
-- 39985
-- Zambiana Collection
995 ## -
-- SPECIAL COLLECTIONS
-- 743164
-- CBU-MAIN LIBRARY (Kitwe)
-- 0.00
-- ZAM QA 303 Tai
-- 2
-- AVAILABLE
-- Jul 24, 2012
-- 743164
-- Zambiana Collection
999 ## -
-- 79113
-- 79113

No items available.